عرض عادي
عرض مارك
- Greenblatt, Stephen,
مدخل إسم شخص
001 - رقم الضبط
- حقل الضبط: 56404
003 - معرف رقم الضبط
- حقل الضبط: OSt
005 - تاريخ ووقت أخر عملية
- حقل الضبط: 20160827132815.0
008 - عناصر بيانات ثابتة الطول
- حقل تحكم ثابت الطول: 160827|| aca||aabn | a|a d
040 ## - مصدر الفهرسة
- هيئة الفهرسة الأصلية: OSt
- وكالة الكتابة: OSt
100 ## - مدخل -- أسم شخص
- إسم شخص: Greenblatt, Stephen,
- تواريخ مرتبطة بالاسم: 1943-
670 ## - بيانات المصدر موجوده
- الاستشهاد بالمصدر: Work cat.: (OSt)0: The Norton anthology of English literature /, c2012.
